| 000 | 00419pab a2200169 454500 | ||
|---|---|---|---|
| 008 | 180718b2007 xxu||||| |||| 00| 0 eng d | ||
| 100 | _aPrasad, Chunnu | ||
| 245 | _aIssue of reservation and quota: a critical perspective | ||
| 260 | _c2007 | ||
| 300 | _ap.285-93. | ||
| 362 | _aJul-Sep | ||
| 650 | _aBackward classes | ||
| 700 | _aSudhakara, Karakoti | ||
| 773 | _aSocial Action | ||
| 908 | _aN | ||
| 909 | _a75229 | ||
| 999 |
_c75229 _d75229 |
||